[Event "Dortmund SuperGM 41st"]
[Site "Dortmund"]
[Date "2013.08.02"]
[Round "7"]
[White "Wang, Hao"]
[Black "Naiditsch, Arkadij"]
[Result "0-1"]
[WhiteElo "2752"]
[BlackElo "2710"]
[Annotator "Marin,M"]
[PlyCount "66"]
[EventDate "2013.07.26"]
[EventType "tourn"]
[EventRounds "9"]
[EventCountry "GER"]
[EventCategory "19"]
[SourceTitle "CBM 156"]
[Source "ChessBase"]
[SourceDate "2013.09.17"]
[SourceVersion "1"]
[SourceVersionDate "2013.09.17"]
[SourceQuality "1"]

1. Nf3 Nf6 2. g3 d5 3. Bg2 g6 4. c4 Bg7 5. cxd5 Nxd5 6. Nc3 c5 7. h4 {In this
specific position, a relatively unexplored idea.} Nc6 8. h5 O-O ({It does not
make too much sense to strengthen White's centre with:} 8... Nxc3 $6 9. bxc3
Bf5 10. Qb3 Qb6 11. Ng5 Qxb3 12. axb3 {Yet another exchange helping White to
get a compact structure.} O-O 13. hxg6 hxg6 14. Ne4 Bxe4 15. Bxe4 $16 {
Nepomniachtchi,I (2711)-Kamsky,G (2741)/Khanty-Mansiysk 2011/CBM 145 (1-0, 41)}
) 9. hxg6 hxg6 10. Qa4 (10. Ng5 {is an important alternative, which faced
Black with certain difficulties in practice.} e6 (10... Nf6 11. Bxc6 bxc6 12.
Qa4 Qd4 13. Nf3 Qb4 14. Rh4 Qb6 {Mastrovasilis,A (2530)-Aggelis,N (2310)/
Chania 2011/CBM 145 Extra (1/2, 101)} 15. Kf1 Nd5 16. Ne4 $14) 11. Nge4 b6 (
11... Qa5 {Siebrecht,S (2463)-Massoni,M (2341)/Calvi 2012/CBM 147 Extra (1/2,
100)} 12. d3 $14) 12. d3 Bb7 13. Bg5 f6 14. Bh6 Bxh6 15. Rxh6 Kg7 16. Qd2 Rh8 (
16... Nf4 $5 17. Qxf4 g5 18. Nxg5 fxg5 19. Qa4 Kxh6 20. Bxc6 $44) 17. Rxh8 Qxh8
18. O-O-O $16 {Zemerov,V (2322)-Zanetti,A (2180)/Moscow 2006/EXT 2007 (1-0, 26)
}) 10... e6 11. Ne4 $146 {The start of very straightforward play, which White
will consequently carry out. Still, the course of the game suggests that this
plan is a bit premature.} (11. Kf1 Bd7 (11... Rb8 12. Rb1 Bd7 13. Qc4 b6 14. d3
Na5 15. Qg4 e5 $13 {Sunye Neto,J (2415)-Ftacnik,L (2470)/Hastings 1980/MCD (1/
2, 43)}) 12. Qc4 Rc8 13. Nxd5 exd5 14. Qxd5 c4 $44 {Khenkin,I (2655)-Olszewski,
M (2532)/Germany 2013/CBM 154 (1/2, 54)}) 11... Qb6 12. Neg5 {White could
still play some useful developing moves.} (12. d3 $5) (12. Kf1 $5) 12... Ncb4
13. d3 Bd7 $1 {A nice way to make White forget about his hopes for Qa4-h4-h7
mate.} 14. Qd1 (14. Qxd7 Nc2+ 15. Kf1 ({The king would be too exposed after} 
15. Kd1 {aiming to defend c2.} Nxa1) 15... Nxa1 16. Qa4 c4 $1 $36 17. dxc4 $6
Qb4) 14... Rfd8 ({Black should refrain from pseudo-active undertakings such as
} 14... Nc3 15. bxc3 Bxc3+ 16. Bd2 Bxa1 17. a3 {With two pieces for a rook and
some pawns, White would have good attacking chances.}) 15. a3 Nc6 16. Kf1 Na5
17. e4 {Only this move starts burning bridges. White could still have kept the
game within normal territory.} (17. Rh4 $5) (17. Nd2 $5) ({Wang probably
wanted to kick the d5-knight away before sacrificing, in order to avoid} 17.
Nxf7 Kxf7 18. Rh7 Kg8 19. Rxg7+ Kxg7 20. b4 Nc6 21. Qd2 Rh8 22. Bb2+ Nf6 $5)
17... Ne7 18. Nxf7 {Probably planned on the previous move, which would make
little sense otherwise.} Kxf7 19. Rh7 Kg8 20. Rxg7+ Kxg7 21. Qd2 Kg8 ({Now} 
21... Rh8 $2 22. b4 Nac6 23. Bb2+ $40 {would offer White a strong attack.}) 22.
Qh6 e5 23. Bg5 {This helps Black with centralising his queen.} (23. b4 {
might have offered some better chances, although after} Nb3 24. Bb2 Nd4 {
it is not entirely clear how he should continue his attack.}) 23... Qd6 {
[%csl Gd3]} 24. d4 {This looks like some sort of a desperate move.} cxd4 25. b4
Nac6 26. b5 Na5 27. Qh4 Bxb5+ 28. Kg1 Nac6 29. Rb1 Ba6 30. Nh2 Rf8 31. Ng4 d3
32. Nf6+ Rxf6 33. Bxf6 Rf8 0-1

[Event "Tata Steel-A 76th"]
[Site "Wijk aan Zee"]
[Date "2014.01.26"]
[Round "11"]
[White "Nakamura, Hikaru"]
[Black "Giri, Anish"]
[Result "1/2-1/2"]
[WhiteElo "2789"]
[BlackElo "2734"]
[Annotator "Marin,M"]
[PlyCount "78"]
[EventDate "2014.01.11"]
[EventType "tourn"]
[EventRounds "11"]
[EventCountry "NED"]
[EventCategory "20"]
[SourceTitle "CBM 159"]
[Source "ChessBase"]
[SourceDate "2014.03.17"]
[SourceVersion "1"]
[SourceVersionDate "2014.03.17"]
[SourceQuality "1"]

1. c4 c5 2. Nf3 Nf6 3. Nc3 d5 4. cxd5 Nxd5 5. e4 Nb4 6. Bc4 {Quite an original
variation, which was fashionable at the top level several decades ago.} Nd3+ ({
One famous game from those remote times went:} 6... Be6 7. Bxe6 Nd3+ 8. Kf1
fxe6 9. Ng5 Qb6 10. Qe2 c4 11. b3 h6 12. Nf3 Nc6 13. bxc4 O-O-O 14. g3 g5 15.
Kg2 Qc5 16. Rb1 Bg7 17. Nb5 Qxc4 18. Qe3 Rhf8 19. Rf1 g4 20. Nh4 Nxf2 $1 {
with a decisive attack, Polugaevsky,L (2625)-Tal,M (2615)/Riga 1979/IZT (0-1,
28)}) 7. Ke2 Nf4+ 8. Kf1 Ne6 9. Ne5 ({Two "twin" games were played at the 1980
Candidates matches, separated by just ten days:} 9. b4 cxb4 10. Nd5 g6 11. Bb2
Bg7 12. Bxg7 Nxg7 13. Nxb4 O-O 14. d4 Bg4 15. Qd2 ({In the second game, White
did not know the previous one, while Black did! It continued:} 15. Ke2 Qd6 16.
Qd2 Ne6 17. Bxe6 Qxe6 18. Ke3 f5 19. Qd3 fxe4 20. Qxe4 Qxe4+ 21. Kxe4 Nd7 22.
Rhc1 Rf5 23. Rc7 Nf6+ 24. Kd3 a5 25. Nc2 Nd5 {with decisive threats. In
Polugaevsky,L (2635)-Kortschnoj,V (2695)/Buenos Aires 1980/Candidates (0-1, 41)
Black won the game and the match!}) 15... Bxf3 16. gxf3 Nc6 17. Nxc6 bxc6 18.
f4 e6 19. Qe3 Qf6 20. Be2 Rfd8 21. Rd1 Rab8 22. a3 Rb2 23. Kg2 Rdb8 24. Rhe1
R8b3 25. Rd3 Rxd3 26. Qxd3 Qxf4 $17 {Huebner,R (2600)-Portisch,L (2655)/Abano
Therme 1980/Candidates (1/2, 61). Black failed to win the game and eventually
lost the match.}) 9... Nc6 $6 {Black might have feared some tactics based on
Nxf7, so he aims to exchange the active knight at the cost of ruining his
structure.} ({Preparing ...Nb8-c6 with} 9... Qd6 $6 {exposes the queen too
early and is rather risky.} 10. f4 Nc6 11. Qa4 $14 (11. Nb5 Qb8 12. d4 {
Drenchev,P (2485)-Nikolov,M (2538)/Varna 2013/CBM 155 Extra (1/2, 62)}) 11...
Ned8 $2 12. d4 $40 cxd4 13. Nb5 Qb8 14. Nxd4 f6 15. Ndxc6 bxc6 16. Bf7+ {
1-0 Suba,M (2555)-Sax,G (2570)/Hastings 1983/MCD} Nxf7 17. Qxc6+ Bd7 18. Qxd7#)
(9... g6 {looks like a sound alternative, though:} 10. Qa4+ Bd7 (10... Nd7 11.
d3 Bg7 $2 12. Nxf7 $1 {Hanel,R (2385)-Kottke,U/Vienna 1990/CBM 021/[Ribli] 
(1-0, 15)}) 11. Nxd7 (11. Bxe6 fxe6 12. Qc4 Bg7 13. Nxd7 Qxd7 {Benkovic,P 
(2463)-Lupulescu,C (2499)/Subotica 2003/CBM 099/[Ribli] (0-1, 20)}) 11... Qxd7
12. Bxe6 fxe6 13. Qxd7+ Kxd7 $13 {Vigorito,D (2372)-Mikhalevski,V (2548)/Los
Angeles 2003/CBM 097 ext/[Mikhalevski,V] (1/2, 29)}) 10. Nxc6 bxc6 11. Na4 {
A typical manoeuvre, which can be carried out at a later stage, too.} (11. d3
g6 12. Be3 Bg7 13. h4 h5 14. Rc1 O-O 15. Na4 Bd4 16. Qd2 Qd6 17. b3 $14 {
[%csl Gc5] Anastasian,A (2587)-Yegiazarian,A (2498)/Yerevan 2007/CBM 116 ext 
(0-1, 40)}) 11... Nd4 $6 $146 {I have the feeling that Giri knew little if
anything about this line; his last move looks like the fruit of the
over-the-board inspiration, rather than of thorough preparation. The
previously played games do not look too encouraging for Black, but giving the
pawn up at once hardly solves the problems.} (11... Qd6 12. d3 Nd4 13. Be3 e5
$13 {Piket,J (2659)-Ljubojevic,L (2548)/Monte Carlo 2002/CBM 087 ext (1-0, 40)}
) (11... g6 12. d3 Bg7 13. h4 Qd6 14. h5 Nd4 15. Be3 Be6 16. Rc1 Rd8 17. b3 ({
Very sophisticated. White could have taken the pawn already with} 17. Nxc5 Qxc5
18. Bxe6 {, but Suba correctly evaluated that there was no rush for it.}) 17...
O-O 18. hxg6 hxg6 19. Nxc5 $1 $18 Qxc5 20. Bxe6 Qa3 21. Bc4 Qxa2 {Black has
retrieved the pawn, but with the queen so far away from the kingside the king
is completely helpless.} 22. Qg4 {with a decisive attack, Suba,M (2475)-De la
Villa Garcia,J (2490)/Zaragoza 1995/EXT 1997}) 12. Nxc5 g6 13. Nb3 Be6 14. Bxe6
Nxe6 15. Qc2 $1 {An important move, aiming to gain a tempo for completing the
development.} ({If} 15. d3 Bg7 16. h4 h5 17. g3 O-O 18. Kg2 a5 19. a4 Rb8 {
[%csl Gb2] White needs to defend the b2-pawn with his queen anyway before
completing his development.}) 15... Bg7 $5 {Looking for practical chances.} (
15... Qd6 {would be too slow, allowing White to reveal his idea:} 16. d3 Bg7
17. Be3 O-O 18. g3 Rfd8 19. Rd1 $16 {[%cal Gf1g2] with a sound extra pawn.})
16. Qxc6+ {There were no reasons to refrain from this natural pawn grabbing.} (
16. d3 O-O 17. g3 a5 18. a4 Rb8 19. Be3 f5 $44) 16... Kf8 {Having also lost
his right to castle, Black can hardly prove compensation for both pawns. He
might get one back, but not the second one.} 17. Qa6 {The necessity of moving
the queen without being attacked is questionable.} (17. h4 h5 (17... Nd4 18.
Nxd4 Bxd4 19. h5 Rc8 20. Qa4 $16 {[%cal Gh1h3]}) 18. Rh3 Rc8 (18... Kg8 19. d4
$16) 19. Qb7 Rc7 20. Qb4 Kg8 21. d4 Nxd4 22. Rd3 $16 {White is a pawn up and
his development is not worse than Black's.}) 17... Nd4 18. Nxd4 Bxd4 19. d3 $2
{But this uninspired move, cutting off the queen's retreat along the a6-e2
diagonal and the third rank for the rook, throws all or at least most of the
advantage away.} (19. h4 h5 20. Qe2 $5 {would have been more consequent with
17.Qa6, regrouping properly before completing the development.} Kg7 21. d3 Rc8
22. g3 Qd7 23. Kg2 $16 {It is hard to believe that Black can come up with
adequate compensation.}) 19... Kg7 20. h4 h5 21. Rh3 {With the pawn on d3,
White's coordination is very artificial now.} Qd7 $44 22. Rb1 Rhc8 23. Be3 Rc2
{At the same time, Black's play is very simple: open files, second rank, the
d4-square.} 24. Qa5 Rb8 25. b3 Rbc8 26. Kg1 Re2 (26... R8c3 27. Rd1 Bxe3 28.
Rxe3 Rc5 29. Qa3 Qc7 $44 30. b4 Rd2 $1) 27. Bxd4+ Qxd4 28. Rf3 Rcc2 29. Rf1
Rxa2 30. Qb5 ({If} 30. Qc7 Qd6 31. Qxd6 exd6 {The black rooks' activity
ensures wholly realistic drawing chances. For instance} 32. Rc1 Rec2 33. Rxc2
Rxc2 34. Kf1 ({A necessary move, placing the king on a rather unfortunate
square. If} 34. d4 Rd2 35. d5 Re2 {the draw becomes obvious, unless White
decides to keep his extra pawn and commit... suicide!} 36. Re3 $2 Rxe3 37. fxe3
Kf6 38. Kf2 Ke5 39. Kf3 a5 40. g3 f6 $19) 34... Rb2 35. d4 a5 36. Ke1 Kf8 $44 {
There is no obvious way to make progress with White.}) 30... Qd6 31. Qe8 {
White does well to use his f3-rook for some active purposes. Otherwise, his
passivity may become dangerous.} Qe6 32. Rc1 Rec2 33. Rxc2 Rxc2 34. d4 Rc1+ 35.
Kh2 Rc8 $5 {The simplest, but not the only good continuation.} 36. Rxf7+ Qxf7
37. Qxc8 Qxf2 {[%cal Gf2d4,Gf2h4]} 38. Qb7 Qxh4+ 39. Kg1 Qe1+ 1/2-1/2

[Event "Saint Louis SPICE Cup 6th"]
[Site "Saint Louis"]
[Date "2012.10.16"]
[Round "5"]
[White "Meier, Georg"]
[Black "Vachier Lagrave, Maxime"]
[Result "0-1"]
[WhiteElo "2646"]
[BlackElo "2705"]
[Annotator "Meier,Georg"]
[PlyCount "54"]
[EventDate "2012.10.13"]
[EventType "tourn"]
[EventRounds "10"]
[EventCountry "USA"]
[EventCategory "18"]
[SourceTitle "CBM 151"]
[Source "ChessBase"]
[SourceDate "2012.11.13"]
[SourceVersion "1"]
[SourceVersionDate "2012.11.13"]
[SourceQuality "1"]

{Es ist nicht ganz einfach eine Verlustpartie zu kommentieren. Der Fokus fällt
mehr auf den eigenen Schatten, als den Glanz den der Sieger versprühte.
Gleichzeitig ist es hoffentlich interessant einmal die "Anatomie" einer
Blitzniederlage mit Weiss auf diesem hohen Niveau aufzuzeigen.} 1. Nf3 {
Es war alles andere als eine Überraschung für Maxime, dass ich wieder die
"Gefahr" Grünfeld umschiffte. Diesmal sollte ich auf einen bestens
präparierten Gegner treffen.} c5 2. c4 Nc6 3. Nc3 e5 4. e3 Nf6 {Diese
Eröffnungswahl stellte nun aber eine große Überraschung für mich dar, weil ich
mit dieser Stellung nur über gute Erfahrungen (sowohl nach 5.Be2 als auch nach
5.d4) verfügte und nicht ahnte was mein Gegner im Schilde führte.} 5. Be2 d5 6.
d4 cxd4 7. exd4 e4 8. Ne5 dxc4 9. Qa4 {Ich konnte mich nur dunkel an eine
Partie mit 9...Qa5 erinnern, verstand aber mittlerweile, dass wohl das
folgende Bauernopfer, an dessen Vollwertigkeit ich nicht glauben wollte, auf
mich wartete.} ({Es gab Zeiten in denen ich zu} 9. Bxc4 Nxe5 10. dxe5 Qxd1+ 11.
Kxd1 Ng4 12. Bb5+ Bd7 13. Bxd7+ Kxd7 14. Nxe4 Nxe5 15. Ke2 {mit baldigem
Remisschluss gegriffen hätte. Jetzt agiere ich ohne Angst, aber dafür ist
anscheinend mein Gespür für Gefahr schwächer geworden...}) 9... Be7 {Ich hatte
diese Stellung noch nie gesehen, und staunte nicht schlecht über die
Geschichte, die mir Maxime später erzählte: Ich hatte Pavel Tregubov sowohl
nach 5.Be2 d5 6.d4 exd4 7.exd4, als auch nach 5.d4 cxd4 6.exd4 e4 7.Ne5 in 3
Weißpartien gegen ihn zwischen 2008 und 2009 immer wieder im Schwitzkasten (+2,
=1). Pavel fand daran wenig Gefallen und hatte neue Wege für Schwarz
ausgearbeitet, die er Maxime bei der Olympiade in Istanbul im Detail
offenbarte... Ich hatte meine Analysen seit Jahren nicht mehr überarbeitet und
kannte deshalb Tregubovs Partie von 2010 nicht... Allein die Kenntnis und
Analyse dieser Partie hätte den Turnierverlauf wohl schon auf den Kopf
gestellt. Denn in dieser Runde erlebte ich meine 2. Eröffnungskatastrophe in
Folge und Maxime begann seinen Höhenflug.} 10. Nxc6 bxc6 11. Qxc6+ (11. d5 O-O
12. dxc6 Qc7 {= (Vachier-Lagrave)}) 11... Bd7 12. Qxc4 Rb8 13. O-O O-O 14. a3
$1 $146 {In der einzigen Vorgängerpartie gab sich Weiß mit der Rückgabe des
Bauern und einem schnellen Remis zurfrieden.} (14. Bf4 Rxb2 15. Rab1 Be6 16.
Qa4 Rxb1 17. Rxb1 Nd5 18. Nxd5 Qxd5 19. Qxa7 Qxa2 {1/2-1/2 Nanu,C-Tregubov,P
Pamplona 2010 (29)}) 14... Qb6 15. Rd1 $6 {Konsequent, aber zu viel. Es ist
erstaunlich, dass ich 3 Züge später bereits den Verlustzug machen sollte. Ich
handle mir ernsthafte Koordinationsprobleme ein, statt unter Rückgabe des
schwachen d-Bauern die Entwicklung zu beenden und mich mit einer besseren
Struktur zu belohnen.} ({Nach} 15. Bf4 $1 Rbc8 16. Qa2 Qxd4 17. Rad1 Qb6 (17...
Qc5 18. Nxe4) 18. Bc4 {erhält Weiß Druck, ohne jegliches Risiko.}) 15... Rfc8
16. Qa6 {Ich überschätzte meine Stellung in diesem Moment, denn ich konnte mir
nicht vorstellen, nach dem praktisch erzwungenen Qb6-d8 in irgendwelche
Schwierigkeiten zu geraten. Tatsächlich wird sich zeigen, dass Schwarz seine
Figuren enorm schnell vom Damen- auf den Königsflügel werfen kann. Das Kontern
ist eine von Maximes Stärken und den Rest der Partie wird er tadellos
behandeln.} (16. Qa2 $5 Be6 17. d5 Bd7 18. Bf4 Bd6 19. Bxd6 Qxd6 $44) 16... Qd8
17. d5 (17. Bf1 Rc6 18. Qe2 Bg4 $15) 17... Bc5 $1 {Nutzt die sich ergebende
Lücke und zielt auf die Schwachstelle f2. Der schwarze Angriff kann nun
blitzartig mit Rb6 und Ng4 ins Rollen gebracht werden. Ich verfiel in tiefes
Nachdenken und musste feststellen, dass es keine einfache Lösung mehr für Weiß
gibt, aber ich wollte um jeden Preis eine finden, weil ich immer noch an die
Korrektheit meines Spiels glaubte...} 18. Bg5 $4 {Abstrakt betrachtet, der
wünschenswerteste Zug... Weiß beendet die Entwicklung. Als ich daraufhin das
Brett verließ, begann ich ein schlechtes Gefühl zu spüren. Und bevor ich ans
Brett zurückkehrte, war mir klar geworden, welches Gewitter mich nun empfangen
würde...} (18. Ra2 $2 {war bei 15.Rd1 eine meiner Ideen... doch Schwarz setzt
praktisch sofort Matt!} Rb6 19. Qa5 Ng4 20. Nxe4 Qh4 21. Bxg4 Qxg4 22. Re1 Rg6
23. g3 Bb6 {nebst f5 und durchschlagendem Angriff.}) ({Der Bc5 ist die
entscheidende Figur für den schwarzen Angriff und musste deshalb sofort
befragt werden.} 18. Na4 $8 e3 (18... Bxa4 19. Qxa4 Qb6 20. Bf4 Bxf2+ 21. Kh1
Ra8 22. d6) 19. Nxc5 (19. fxe3 Ne4) 19... exf2+ 20. Kxf2 Rxc5 21. Kg1 Qe8 $44 (
21... Rc2 22. Bf1 Bg4 23. Rd2 Rbxb2 24. Rxc2 Rxc2 25. Rb1)) (18. h3 Qe8) 18...
Rb6 19. Qa5 Bxf2+ $1 {Den schönen Schlussangriff führt Maxime perfekt.} ({
Bei 18.Bg5 hatte ich nur an} 19... Rxb2 20. Qxd8+ Rxd8 21. Bxf6 gxf6 22. Nxe4
Bb6 {mit haltbarem Endspiel für Schwarz gedacht. Dies hätte an diesem Tag
allzugut in mein "Weltbild" gepasst!}) 20. Kf1 (20. Kxf2 Ng4+ 21. Bxg4 Rxb2+
22. Ne2 Qxa5 $19) 20... e3 21. Ne4 Rc2 22. Nxf2 Rxe2 23. Nd3 Rxg2 24. Bxe3 Bh3
25. Nf4 Ng4 26. Bxb6 Nxh2+ 27. Ke1 Qh4+ {Ich verliere bekanntermaßen nicht
allzuviele Partien, aber wenn dann wird nicht selten ein Feuerwerk dabei
abgebrannt... So sitze ich wenigstens immer in der 1. Reihe ;-)} 0-1

[Event "Metz op 31th"]
[Site "Metz"]
[Date "2013.04.23"]
[Round "5"]
[White "Greenfeld, Alon"]
[Black "Bellahcene, Bilel"]
[Result "1-0"]
[WhiteElo "2545"]
[BlackElo "2367"]
[Annotator "Metz Alekhine/Primel,D"]
[PlyCount "57"]
[EventDate "2013.04.20"]
[EventType "swiss"]
[EventRounds "9"]
[EventCountry "FRA"]
[SourceTitle "EXT 2016"]
[Source "ChessBase"]
[SourceDate "2015.10.08"]
[SourceVersion "1"]
[SourceVersionDate "2015.10.08"]
[SourceQuality "1"]
[TimeControl "40/5400:1800+30"]
[WhiteClock "1:30:00"]
[BlackClock "1:30:00"]

1. Nf3 {83} Nf6 {90} 2. c4 c5 3. Nc3 Nc6 4. g3 d5 5. cxd5 Nxd5 6. Bg2 Nc7 {
La variante Rubinstein} 7. O-O e5 8. a3 (8. d3 {La grande ligne mais les
Blancs vont tenter de jouer le coup plus ambitieux d4} Be7 9. Nd2) 8... f6 {88}
(8... Be7 9. b4 $1) 9. e3 {68} (9. d3) 9... Be7 (9... Qd3 $5 10. Ne1 Qg6 11. d3
Be6 12. Qa4 Bd7 13. Nb5 Nxb5 {Svidler,P (2739)-Nepomniachtchi,I (2711) RUS-ch
64th Moscow 2011 (6) 1-0} (13... Ne6 14. Bd5 Ncd8 15. Qb3 a6 16. Nc3 {Svidler})
) (9... Bg4 10. h3 Bh5 11. d4 cxd4 12. exd4 exd4 {Adams,M (2728)-Perunovic,M 
(2577) Chicago op 21st 2012 (9) 1/2} (12... Nxd4 13. g4 $36 {[%cal Gf3d4,Gg2b7]
})) 10. d4 $1 {[%csl Re8]} cxd4 11. exd4 {64} exd4 {71} 12. Ne2 Ne6 13. b4 O-O
(13... d3 14. Nf4 Nxf4 15. Bxf4 O-O 16. b5 (16. Qb3+ Kh8 17. b5 Nd4 18. Qxd3 {
Bogosavljevic,B (2526)-Perunovic,M (2580) SRB-ch Kragujevac 2009 (5) 1/2} (18.
Nxd4 Qxd4 19. Rae1 Qc5 (19... Bc5 20. Bd5 Bb6 (20... Bh3 $2 21. Re4)))) 16...
Na5 17. Rc1 Bd6 18. Bd2 {Delchev,A (2625)-Nikolov,M (2571) BUL-ch 75th Bankia
2011 (8) 1-0} (18. Be3 Bxa3 19. Ra1 $14)) 14. b5 $146 (14. Bb2 d3 15. Nc1 Bd7
16. Re1 {Hansen,C (2560)-Milos,G (2540) Novi Sad ol (Men) 1990 (6) 1-0} (16.
Nxd3 Be8 17. Qe2 (17. Qb3 Bf7 $44) 17... Bf7)) 14... Na5 (14... Ne5 15. Nfxd4
Nxd4 16. Nxd4 Kh8 17. Bb2 Bg4 18. Qb3 Bc5 19. Ne6 Bxe6 20. Qxe6 Re8 $44) 15.
Nexd4 Nxd4 16. Nxd4 Bc5 17. Be3 Qb6 (17... Nc4 $132) 18. Qa4 {[%emt 0:00:30]}
Rd8 {Un coup naturel mais le futur vainqueur du tournoi va trouver une jolie
combinaison} 19. Nc6 $1 {[%csl Ra5,Rc5]} bxc6 (19... Bxe3 20. Nxd8 Qxd8 (20...
Bxf2+ 21. Rxf2) 21. fxe3 {[%cal Ga1d1]}) 20. Bxc5 Qxc5 21. Qxa5 Be6 22. Rfc1
$40 {Le tempo gagné sur la Q donne probablement une position gagnante au GMI}
Qxb5 23. Qxb5 cxb5 24. Bxa8 Rxa8 25. Rc7 $18 a5 26. Rb7 Bc4 27. Rd1 {[%csl Rg7,
Rg8][%cal Gd1d7]} b4 28. axb4 a4 29. Rdd7 1-0